000 01202nac a22003131i 4500
003 EG-ScBUE
005 20250120093523.0
008 250120t1985 cau f b 000 0 eng d
020 _a0803925646 : (pbk.)
020 _a9780803925649
040 _aEG-ScBUE
_beng
_erda
_cEG-ScBUE
_dEG-ScBUE
082 0 4 _a519.72
_bIGN
_222
100 1 _aIgnizio, James P.,
_eauthor.
245 1 0 _aIntroduction to linear goal programming /
_cJames P. Ignizio, Pennsylvania State University.
264 1 _aNewbury Park, California :
_bSage Publications,
_c[1985]
264 4 _cc1985
300 _a96 pages ;
_c22 cm.
336 _2rdacontent
_atext
_btxt
337 _aunmediated
_2rdamedia
_bn
338 _avolume
_bnc
_2rdacarrier
490 0 _aA Sage university paper. Quantitative applications in the social sciences ;
_v56
500 _adistributer: Baccah
504 _aIncludes bibliographical references.
650 7 _aLinear programming.
_2BUEsh
655 _vReading book
856 4 2 _3Publisher description
_uhttp://www.loc.gov/catdir/enhancements/fy0654/85072574-d.html
856 4 2 _3Table of contents only
_uhttp://www.loc.gov/catdir/enhancements/fy0654/85072574-t.html
942 _cBB
_2ddc
999 _c7931
_d7931